| 000 | 00476nam a22001937a 4500 | ||
|---|---|---|---|
| 003 | MPLRDC | ||
| 005 | 20220104124552.0 | ||
| 008 | 210129b ||||| |||| 00| 0 eng d | ||
| 020 | _a978-7-8067-1944-2 | ||
| 082 | _a413.1 QLM | ||
| 100 | _a曲黎敏 | ||
| 245 |
_a黄帝内经.养生智慧 ii _c |
||
| 250 | _a一版一刷 | ||
| 260 |
_a中国 _b鹭江出版社 _c2008 |
||
| 300 | _b149 | ||
| 490 | _a名家论坛 | ||
| 650 | _a黄帝内经 | ||
| 942 |
_cBK _o413.1 QLM |
||
| 999 |
_c20374 _d20364 |
||